000 01627cam a2200217 4500500
005 20251228052225.0
041 _afre
042 _adc
100 1 0 _aHolzer, Vincent
_eauthor
245 0 0 _a« Le Tout se cache dans le fragment » (Fides et ratio, § 12). Christologie et philosophie à la lumière de Fides et ratio
260 _c2009.
500 _a18
520 _aRésuméL’articulation entre foi et raison trouve dans la christologie l’un de ses principes constitutifs. Cette relation appartient de manière exemplaire à la théologie d’inspiration catholique, et cela se vérifie en particulier dans les œuvres majeures de la pensée catholique du xxe siècle. Parmi celles-ci, on citera les œuvres d’Erich Przywara, de Karl Rahner ou de Hans Urs von Balthasar. Ces théologiens furent en débat avec les interdits que contient La Religion dans les limites de la simple raison d’Emmanuel Kant. Le texte encyclique Fides et Ratio exploite avec virtuosité les ressources d’une christologie non pas philosophique, mais d’une christologie épiphanique et expressive, capable de répondre à l’une des préoccupations majeures du texte, à savoir « accomplir le passage aussi urgent que nécessaire du phénomène au fondement ». L’article analyse cette forme de christologie.
690 _achristologie
690 _agrâce
690 _akénose
690 _aunicité
690 _auniversalité
786 0 _nTransversalités | 110 | 2 | 2009-06-11 | p. 39-52 | 1286-9449
856 4 1 _uhttps://shs.cairn.info/revue-transversalites-2009-2-page-39?lang=fr&redirect-ssocas=7080
999 _c1583062
_d1583062